000
00201nam a2200109Ia 4500
100
_a
#N/A
942
_c
BK
654
_a
aol
245
_a
AOL TITANIUM Version 5.0
260
_b
#N/A
546
_a
ENGLISH
999
_c
25792
_d
25792